| 000 | 01482nam a2200241Ia 4500 | ||
|---|---|---|---|
| 003 | Ost | ||
| 005 | 20260507075521.0 | ||
| 008 | 260507s9999||||xx |||||||||||||| ||und|| | ||
| 020 | _a9961008103 | ||
| 040 | _cfsecg | ||
| 041 | _aara | ||
| 082 | _a342.02 | ||
| 100 |
_aإدريس، بوكرا _eمؤلف |
||
| 245 | 0 |
_aتطور المؤسسات الدستورية في الجزائر منذ الإستقلال من خلال الوثائق والنصوص الرسمية / _c بوكرا إدريس |
|
| 250 | _aطبعة 3 | ||
| 260 |
_aالجزائر: _bديوان المطبوعات الجامعية, _c2009 |
||
| 300 |
_a279 صفحة؛ _bإيضاحات ؛ _c22 سم |
||
| 504 | _aببليوغرافيا:ص ص.263-271 | ||
| 520 | _aالمرحلة الممتدة من وقف إطلاق النار إلى غاية انتخاب المجلس الوطني التأسيسي،المرحلة الممتدة من انتخاب المجلس الوطني التأسيسي إلى غاية الموافقة على دستور 1963،دستور 1963 إلى غاية 19جوان1965،المرحلة الممتدة من19جوان إلى غاية إعداد دستور 1976...59،المرحلة الممتدة من الشروع في تطبيق دستور 1976 إلى غاية وضع دستور جديد عام 1989،تسلسل لأهم الأحداث السياسية والدستورية منذ الإستقلال | ||
| 653 | _aالجزائر | ||
| 653 | _aالدستور | ||
| 942 | _cكتاب | ||
| 999 |
_c44773 _d44773 |
||